Los grandes pensadores / (Registro nro. 30727)

Detalles MARC
000 -LÍDER
campo de control de longitud fija 00819nam a22002417a 4500
005 - FECHA Y HORA DE LA ÚLTIMA
campo de control 20240402160750.0
008 - ELEMENTOS DE DATOS DE LONGITUD FIJA - INFORMACIÓN GENERAL
campo de control de longitud fija 240402b |||||||| |||| 00| 0 eng d
020 ## - NÚMERO INTERNACIONAL NORMALIZADO DEL LIBRO
Número de libro estándar internacional 8475303129
037 ## - FUENTE DE ADQUISICIÓN
Materials specified Donación
040 ## - FUENTE DE CATALOGACIÓN
Agencia de catalogación original CO-JMCR
Agencia de transcripción CO-JMCR
Agencia modificadora CO-JMCR
Convenciones de descripción rda
041 ## - CÓDIGO DE IDIOMA
Código de idioma del texto/pista de sonido o título independiente spa
082 ## - NÚMERO DE CLASIFICACIÓN DECIMAL DEWEY
Número de clasificación 190
Número de artículo E86g
100 ## - ENTRADA PRINCIPAL - NOMBRE PERSONAL
Término relativo autor
Nombre personal Eucken, Rudolf Ch.
9 (RLIN) 43624
245 ## - DECLARACIÓN DEL TÍTULO
Título Los grandes pensadores /
Declaración de responsabilidad, etc. Rudolf Ch. Eucken
260 ## - PUBLICACIÓN, DISTRIBUCIÓN, ETC.
Lugar de publicación, distribución, etc. Bogotá
Nombre del editor, distribuidor, etc. Ediciones Orbis, S.A.
300 ## - DESCRIPCIÓN FÍSICA
Medida 399 páginas
Dimensiones 20 cm
505 ## - NOTA DE CONTENIDO FORMATEADO
Nota de contenido formateada Primera parte: El Helenismo -- Segunda parte: EL Cristianismo -- Tercera parte: La edad moderna
586 ## - NOTA DE PREMIOS
Nota de premios Premio Nobel de Literatura 1908
650 ## - ENTRADA AÑADIDA DE ASUNTO - TÉRMINO TEMÁTICO
Fuente del encabezado o término JMCR
-- Historia de la filosofía
9 (RLIN) 43625
650 ## - ENTRADA AÑADIDA DE ASUNTO - TÉRMINO TEMÁTICO
Fuente del encabezado o término JMCR
-- Historia de la ética
9 (RLIN) 43626
700 ## - ENTRADA AGREGADA - NOMBRE PERSONAL
Nombre personal Ballvé, Faustino
Término relativo traductor
9 (RLIN) 43627
942 ## - ELEMENTOS DE ENTRADA AÑADIDOS (KOHA)
Source of classification or shelving scheme Dewey Decimal Classification
Tipo de artículo Koha Books
999 ## -
-- 30727
-- 17111
Existencias
Estado retirado